| 000 | 01752nam a22003017a 4500 | ||
|---|---|---|---|
| 999 |
_c1600 _d1600 |
||
| 003 | AR-CdUCM | ||
| 008 | 190227b ||||| |||| 00| 0 spa d | ||
| 020 | _a9786124121074 | ||
| 040 |
_aMUNICIPALIDAD PROVINCIAL DEL CUSCO _cBIBLIOTECA MUNICIPAL DEL CUSCO |
||
| 082 |
_a376.54 / _bV38 |
||
| 245 |
_aAnales Seminario Internacional Desarrollo territorial y extractivismo : _bluchas y alternativas en la Región Andina / _cNicoletta Velardi y Marco Zeisser Polatsik |
||
| 260 |
_aCusco : _bCentro de Estudios Regionales Andinos Bartolomé de Las Casas, _c2012. |
||
| 300 |
_a267 paginas ; _c23 cm. |
||
| 440 |
_aEstudios y debates regionales andinos _n3111 _944104 |
||
| 505 | _aContenido: Estrategias indígenas, gobernanza territorial e industrias extractivas en la Amazonía peruana: El acta de Dorissa en el río Corrientes y la propuesta de Zonificación Ecológica y Económica en Datem del Marañón (Anahi Chaparro y Martín Scurrah) -- Apurímac, la gestión del territorio y la mineria (Jaime Consiglieri) -- Tambogrande, mangos, muerte, mineria (Stephanie Boyd) -- Resistencia de territorios y movilización social panorama nacional del Perú (Marco Arana) -- Del extractivismo al Sumak Qawsay (Ángel Bonilla) -- Suma Qamaña, lo que se maneja como Buen Vivir (Simón Yampara) ... | ||
| 650 |
_aIndustria minera _922607 |
||
| 650 |
_aDesarrollo regional _922942 |
||
| 650 |
_aComunidades campesinas _92214 |
||
| 650 |
_aDesarrollo Sostenible _94163 |
||
| 650 |
_aPerú _944105 |
||
| 650 |
_aBolivia _91138 |
||
| 650 |
_aEcuador _944106 |
||
| 700 |
_aVelardi, Nicoletta _944107 |
||
| 700 |
_aZeisser Polastsik, Marco _944108 |
||
| 710 |
_aAcción Solidaria para el Desarrollo _944109 |
||
| 942 |
_2ddc _cLIBROS |
||
| 945 |
_arjall _d2019-02-27 |
||